000 00691nam a2200241Ia 4500
003 OSt
005 20220925220444.0
006 a|||||r|||| 00| 0
007 ta
008 220923b |||||||| |||| 00| 0 eng d
020 _a0333248147
037 _cGeneral Book
040 _aRTL
_cRTL
_beng
041 _2eng
_aeng
082 _aX.1(X).N7z7, L8
100 _aMountjoy Alan B Ed.
_9133052
245 0 _aThird world
_b Problems and perspectives
260 _aLondon
_bMacmillan
_c1970
300 _a165p
_ccm.
650 _aEconomic Condition Developing Countries
942 _hX.1(X).N7z7, L8
_cGB
_2CC
999 _c571525
_d571525